000 00451nam a2200157Ia 4500
008 151021s9999 xx 000 0 und d
020 _a72421002
050 _aQP36.M2 2004
245 _a_Human biology Laborarory Manual (8th ed.) Sylvia S. Mader
260 _aBoston McGraw hill 2004
300 _aviii,;312p.;ill.
500 _aInclude index
500 _aInclude index
650 _a_Human biology
980 _a^d20130524 10:52:27^okorir
999 _c12485
_d12485